000 01234nam a22003377a 4500
003 CHAP
005 20220329140159.0
008 971013s1976 r 00010 d
010 _a48181
011 _a49153
035 _a53301
040 _cCHAP
090 _aTesis
100 0 0 _aSalinas García, Jaime Roel.
_9101662
245 _aPrueba de adaptación y rendimiento de cuatro variedades de coliflor (Brassica oleracea var. botrytis) en nueve diferentes fechas de siembra en la región General Escobedo, N.L.
260 _aMonterrey, N.L. :
_bEl autor,
_c1976
300 _a61 h.
_b; gráfs.
502 _aTesis (Ing. Agrónomo) -- Univ. Autónoma de Nuevo León. Fac. de Agronomía
590 _aALEPH
_b10
_c20130110
_lUCH01
_h1319
590 _aBATCH-UPD
_b10
_c20130110
_lUCH01
_h0018
590 _aBATCH-UPD
_b10
_c20130110
_lUCH01
_h2145
590 _aBATCH-UPD
_b10
_c20130409
_lUCH01
_h1957
590 _aBATCH-UPD
_b10
_c20130914
_lUCH01
_h1008
590 _aCONVERSION
_b10
_c20130109
_lUCH01
_h1326
650 1 4 _aColiflor
_xFechas de siembra.
_925146
650 1 4 _aColiflor
_xRendimiento.
_925152
650 1 4 _aColiflor
_xVariedades.
_925154
901 _aBK
942 _cTESIS
949 _bBC
_cTES
_d-118284
_eTS1
_i53301
_si
999 _c48181
_d48181